[Event "Wch U20"]
[Site "Nakhchivan"]
[Date "2003.07.03"]
[Round "13"]
[White "Erenburg, Sergey"]
[Black "Ganguly, Surya Shekhar"]
[Result "1/2-1/2"]
[WhiteElo "2499"]
[BlackElo "2540"]
[Annotator "Erenburg,S"]
[PlyCount "153"]
[EventDate "2003.06.22"]
[EventType "swiss"]
[EventRounds "13"]
[EventCountry "AZE"]
[SourceTitle "CBM 096"]
[Source "ChessBase"]
[SourceDate "2003.09.25"]
[SourceVersion "1"]
[SourceVersionDate "2003.09.25"]
[SourceQuality "1"]

1. e4 e5 2. Nf3 Nc6 3. Bb5 a6 4. Bxc6 dxc6 5. O-O Bg4 6. h3 h5 7. d3 Qf6 8.
Nbd2 Ne7 9. Re1 Ng6 10. d4 Nf4 11. hxg4 {Less popular continuation than} (11.
dxe5 Qg6 12. Nh4 Bxd1 13. Nxg6 Nxg6 14. Rxd1 O-O-O 15. Re1 $146 (15. a3 Nxe5
16. b3 Rh6 17. Kf1 Bc5 18. Bb2 Rhd6 19. Ke2 Ng6 20. g3 Bxf2 21. Kxf2 Rxd2+ 22.
Rxd2 Rxd2+ 23. Ke3 Rg2 24. Kf3 Rxc2 {Forchert,M-Notkin,M/NRW-II 1996/GER 13/
0-1 (57)}) 15... Nxe5 16. Nf3 Nxf3+ 17. gxf3 Bb4 18. c3 Bc5 $11 {1/2-1/2
Shirov,A-Topalov,V/Madrid 1997/CBM 58 ext/[Shirov] (37)}) 11... hxg4 12. g3
gxf3 {Black has more risky option:} (12... Nh3+ 13. Kg2 exd4 14. Rh1 O-O-O 15.
Qe2 Bc5 16. Nb3 (16. Nh4 Rxh4 17. Nb3 d3 $13) 16... gxf3+ 17. Qxf3 Qxf3+ 18.
Kxf3 Ba7 19. Kg2 Nxf2 20. Rxh8 Rxh8 21. Kxf2 Rh2+ 22. Kf3 Rxc2 $11 {1/2-1/2 De
la Villa Garcia,J-Kazhgaleyev,M/Ubeda 1999/CBM 68 ext (39)}) 13. Qxf3 Ne6 14.
dxe5 Qxe5 {In my opinion, after this move, white succeeds to get slight
advantage. More principal is} (14... Qh6 $5 15. Nb3 g5 16. Be3 Bg7 17. Rad1
Bxe5 18. c3 Qh3 19. Nd4 Bxd4 20. Bxd4 Rh6 21. Qg2 Qh5 22. Be3 $11 {0-1 Kroeze,
F-Piket,J/Breda 2001/CBM 82 ext (61)}) 15. Nb3 {covering the d4 square.} ({
Another possiblity is} 15. Qf5 Qc5 ({Deserves attention} 15... Qd6 {[%cal
Gg7g6]}) 16. Nf3 g6 17. Qxc5 Bxc5 18. Be3 Bxe3 19. Rxe3 Rd8 20. Ree1 c5 21.
Red1 Ke7 22. c3 $14 {1-0 Fressinet,L-Bacrot,E/Besancon 1999/CBM 73 (57)}) 15...
O-O-O $6 $146 {Mistakes in calculation caused black to make this move.} (15...
Bd6 16. Qf5 O-O-O 17. c3 (17. Qxe5 $5) 17... Qxf5 18. exf5 Nc5 $11 {1/2-1/2
Rodi,L-Rosito,J/Mar del Plata 2000/CBM 75 ext (47)}) 16. c3 $6 {If white
calculated more carefully, he would continue} (16. Qxf7 $1 {looks dangerous,
but concrete variations prove the strength of this move.} Bb4 (16... g6 17.
Qxg6 Bb4 18. c3 Rdg8 19. Qf5 Rxg3+ 20. Kf1 $16) 17. c3 Rd1 (17... Rdf8 18. Qg6
$16) 18. Rxd1 Qxe4 19. Bh6 (19. f3 Qe2 20. Bh6 $18 (20. Rd2 Qe1+ 21. Kg2 Bd6
$40)) 19... Ng5 20. Qd7+ (20. Rd8+ $18) 20... Kb8 21. Nd2 $18) (16. Qf5 $5 $14)
16... Be7 17. Be3 $14 {White achieved a slight advantage, thanks to better
pawn structure, thus each ending is much better for white.} ({Now it is bad to
play} 17. Qxf7 Rdf8 18. Qxe7 Qh5 19. Qxe6+ Kb8 20. Bh6 (20. Kf1 Qf3) 20... Rxh6
21. Qxh6 Qxh6 $17) 17... Rd3 $6 {At this moment, white had something like 3
minutes, so black decided to play on traps.} ({Better was} 17... Bf6 $5 18.
Rad1 $14) 18. Red1 {Only this move! Other 2 logical moves provide to worse
position:} (18. Qxf7 $2 Ng5 (18... Bf6 19. Qg6 Ng5 20. Kg2 Qxe4+ 21. Qxe4 Nxe4
$14) (18... Qxe4 19. Bh6) 19. Bxg5 Rxg3+ 20. fxg3 Qxg3+ 21. Kf1 Bxg5 $19) (18.
Rad1 $2 Ng5 19. Qg4+ f5 20. Qxf5+ (20. exf5 Qd5 $19) 20... Qxf5 21. exf5 Nf3+
$17) 18... Rxd1+ 19. Rxd1 Bg5 20. Bd4 ({White doesn't achieve anything special
after} 20. Qf5 Qxf5 21. exf5 Bxe3 22. fxe6 (22. fxe3 Ng5 $11) 22... Ba7 23.
exf7 Rf8 $14 {/=}) 20... Qb5 21. Re1 Bf6 22. Bxf6 gxf6 23. Qf5 Qe5 24. Nd4 Qxf5
25. Nxf5 $14 {It looks like white achieved big advantage, but the position is
not so simple. With the next strong move black occupies the "d" file by the
rook, that creates a counterplay.} Ng5 $1 26. Re3 (26. Kg2 $6 Rh2+ $1 27. Kxh2
Nf3+ 28. Kh3 Nxe1 $13) 26... Rd8 27. f4 Ne6 28. Kf2 Rd1 {Black's knight is
going to be activated after occupying the c5 square, so black's pieces are
active. Consequently, white aspire to change at least one of the black pieces,
preferably, the rooks.} (28... Rd2+ 29. Re2 Rxe2+ 30. Kxe2 Nc5 31. Ke3 Na4 32.
Nh6 Nxb2 33. Nxf7 $16 {[%cal Ge4e5] and white is going to organize two
connected passed pawns.}) 29. Re2 Kd7 30. Ke3 (30. Ne3 Rd3 31. Ng4 Ke7 32. Nh6
{[%cal Gh6g8]} Nc5 $14) 30... Nc5 31. Nd4 Rg1 32. Kf3 Rb1 33. b3 Rd1 34. Nf5
Rd3+ 35. Re3 Rd2 36. e5 {activizing the rook.} fxe5 37. Rxe5 Ne6 38. Re2 Rd5
39. Ne3 $2 {White should act more decisive, pushing forward his "g" pawn.} (39.
Nh6 Nd8 40. g4 $14) (39. g4 $14) 39... Rd3 40. Rc2 Nc5 {Now all the white
pieces are passive in comparison to black's ones.} 41. Ke2 Rd6 42. Nc4 $6 {
Not a successful choice of position for knight.} ({Better is} 42. Nf5) 42...
Re6+ 43. Kf3 Re1 44. Rd2+ Ke7 45. Ne3 ({Of course not} 45. Re2+ Rxe2 46. Kxe2
Ne4 $11) 45... b5 46. g4 Rh1 47. f5 f6 48. Re2 ({White had not bad chance for
a win after} 48. Kf4 $1 {[%cal Gg4g5] , aspiring to create the passed pawn.})
48... Kf7 49. Kg2 $6 Rc1 $1 $11 50. c4 Nd3 51. Rd2 (51. Kf3 Ne5+ 52. Ke4 Rg1
$11) 51... Ne5 52. Kg3 (52. cxb5 cxb5 $15) 52... bxc4 53. Nxc4 Rc3+ 54. Kf4
Nxc4 55. bxc4 Rxc4+ 56. Kf3 Ke7 57. Re2+ Kf8 58. Rd2 {At this moment, both of
players knew, that only win gives to one of them the bronze medal, so Indian
chessplayer tried to win this equal position at any price.} a5 (58... Ke7 $11)
59. Rd7 a4 60. Rxc7 Rc2 61. g5 Rxa2 (61... fxg5 {loses on the spot.} 62. Kg4
Rxa2 63. Kh5 $1 a3 64. Kg6 Re2 65. f6 a2 66. Rh7 Ke8 67. Ra7 $18) 62. g6 ({
Nothing gives} 62. Rxc6 fxg5 63. Kg4 Rg2+ (63... Kf7 $11) 64. Kh5 Kf7 $11)
62... Ra1 63. Rxc6 (63. Rf7+ Kg8 64. Rxf6 a3 65. Rxc6 a2 66. f6 Rf1+ 67. Ke4
Rxf6 68. Rc1 $11) 63... Kg7 $1 $11 ({Of course not} 63... a3 64. Rxf6+ Kg7 65.
Ra6 a2 66. Kg2 $18) 64. Rc7+ Kg8 65. Ra7 a3 66. Ra8+ Kg7 67. Ra7+ Kg8 68. Kf2
a2 69. Kg2 Kf8 70. Rf7+ Kg8 71. Ra7 Kf8 72. Ra4 Kg7 $2 ({After} 72... Kg8 {
Black gets draw easily.} 73. Ra6 Kh8 $1 $11) 73. Ra8 $1 {Zugzwang.} Kh6 74. Ra7
Rb1 75. Rxa2 Rb5 76. Rf2 Re5 77. Kg3 {...  In spite of white is a pawn up, the
position is equal. In the continuation of the game, black played carefully and
got the draw.} 1/2-1/2

[Event "Andorra op 22nd"]
[Site "Andorra"]
[Date "2004.07.09"]
[Round "7"]
[White "Erenburg, Sergey"]
[Black "Fressinet, Laurent"]
[Result "1/2-1/2"]
[WhiteElo "2533"]
[BlackElo "2637"]
[Annotator "Erenburg,S"]
[PlyCount "53"]
[EventDate "2004.07.03"]
[EventType "swiss"]
[EventRounds "9"]
[EventCountry "AND"]
[SourceTitle "CBM 101 Extra"]
[Source "ChessBase"]
[SourceDate "2004.09.01"]
[SourceVersion "2"]
[SourceVersionDate "2004.09.01"]
[SourceQuality "1"]

1. e4 e5 2. Nf3 Nc6 3. Bb5 a6 4. Bxc6 dxc6 5. O-O Bg4 {The one of the possible
alternatives is} (5... Qd6 {1-0 Erenburg,S-Inarkiev,E/Istanbul 2003/CBM 96/
[Erenburg] (45)}) 6. h3 h5 {keeping the light-squared bishop on the board,
thus, black tries to develop the attack on the kingside.} 7. d3 Qf6 8. Nbd2 {
Less popular is} (8. Be3 {1-0 Marciano,D-Chabanon,J/Meribel 1998/CBM 67/
[Wedberg] (49)}) 8... Ne7 {Black is going to bring the knight to g6, from
where it can occupy the f4 square.} (8... Bc5 {1-0 Prie,E-Guigonis,D/Meribel
1998/CBM 67/[Hecht] (40)}) 9. Nc4 {Another theoretical continuation is:} (9.
Re1 {1/2-1/2 Erenburg,S-Ganguly,S/Nakhchivan 2003/CBM 96/[Erenburg] (77)}) 9...
Bxf3 10. Qxf3 Qxf3 11. gxf3 Ng6 12. Be3 Be7 {Black tried also} (12... f6 {
1-0 Glek,I-Van den Doel,E/Wijk aan Zee 1999/CBM 69/[Donev] (53)}) 13. Rfb1 {
According to my database, this position appeared for the first time. In the
preceding games white continued} (13. b4 b5 14. Na5 Bxb4 15. Nxc6 Bd6 $15) (13.
Kh1 Bf6 14. a4 O-O-O 15. a5 Nh4 16. Nd2 Ng6 17. Rad1 Nf4 18. Bxf4 exf4 19. Nc4
g5 20. Kg2 Rh6 21. Rfe1 c5 $11 {1/2-1/2 Hort,V-Spassky,B/Reykjavik 1977/
Candidates (63)}) (13. Rfd1 O-O-O 14. Kf1 f6 15. Ke2 Nf8 16. f4 exf4 17. Bxf4
Ne6 {1/2-1/2 Kindermann,S-Dorfman,J/Austria 2003/EXT 2004 (17)}) 13... c5 {
Black starts to build defending construnction on the queenside, which will
prevent from white the breakthroughs d3-d4 or b3-b4.} 14. Kf1 {centralizing
the king, and, at the same time, liberating the "g" file for the rooks.} ({
Immediate attempt to open up the game on the queenside doesn't promise white
anything:} 14. a3 a5 15. b4 axb4 (15... cxb4 16. axb4 a4 17. b5 $14) 16. axb4
Rxa1 17. Rxa1 cxb4 18. Ra8+ Bd8 19. Na5 Kd7 20. Nxb7 Be7 $11) 14... f6 {
preparing to transfer the monarch to f7.} 15. Ke2 Kf7 ({Of course not} 15...
Kd7 $2 16. Rg1) 16. a3 {preparing to carry out b3-b4.} a5 {Of course, black
prevents it, and he completes the building of pawn construction on queenside 
(a5-b6-c5-c7).} 17. a4 {fixing the pawns on the dark squares.} b6 18. Rg1 {
Now the only plan white can realize is carrying out the breakthrough f3-f4.
White is going to press through the "g" file, that will force black to move
his knight from g6.} Bd6 $1 {Of course, black understand, that he cannot keep
the knight on g6, which prevent white's breakthrough f2-f4. Therefore, he
prevents white's plan of initiative with the bishop.} 19. Rg3 Nf8 {Black's
idea is to play h5-h4 and g7-g5, that will absolutely freeze the position...
Of course, the only white's chances to get some initiative is connected with
f3-f4. Therefore, I needed to change black's passive dark-squared bishop.} 20.
f4 exf4 21. Nxd6+ cxd6 22. Bxf4 {White succeeded to carry out f3-f4 and to
open the game. Now white has rooks and bishop against black's rooks and knight,
that, theoretically should promise white an advantage... But, it should be
noted, that the position is still quite closed. Also, black succeeded to force
white to change passive black's dark-squared bishop, that, improved black's
pawn structure as well... Therefore, with exact play black's chances are not
worse.} Ne6 $1 23. Be3 {The capture of d6 pawn doesn't lead to white's favour:}
(23. Bxd6 Rad8 24. e5 Nd4+ 25. Kd2 Nf5 $11) 23... g6 {Black is ready to meet
white's f2-f4 with f6-f5...} 24. Rag1 Rhg8 25. Kd2 {White brings the king
towards the queenside, hoping, that after an exchange of the rooks, white's
monarch will invade into black camp.} (25. f4 {doesn't promise anything
special:} Rad8 (25... f5) 26. c4 (26. h4 f5) 26... f5 27. b3 Rde8 28. R3g2 Rd8
$11) 25... Rad8 {preparing sometimes d6-d5...} 26. f4 Nc7 {moving the knight
from e6, that it will not be attacked after white's f4-f5.} ({Black can
equalize after} 26... d5 {as well:} 27. f5 Nf8 (27... gxf5 28. exd5 $16) 28.
Ke2 (28. Bf4 dxe4 29. Bc7 Rd5 30. Bxb6 c4 31. d4 $141 Rxf5) 28... dxe4 29. dxe4
Re8 30. Kf3 Nd7 (30... g5 31. Rd1) 31. fxg6+ Rxg6 32. Bf4 Rxg3+ 33. Bxg3 c4 $1
$11) 27. c4 {preventing from black the breakthrough d6-d5. After this move,
white cannot improve his position, therefore, the sides agreed for a draw. The
alternative to the move in the game was} (27. h4 {, but black achieves draw
after} d5 28. f5 gxf5 (28... dxe4 {is also possible.} 29. Bh6 $1 {Very strong
move, which was overlooked by both opponents...} g5 (29... e3+ 30. Ke2 $16) 30.
hxg5 fxg5 31. Rxg5 Rxg5 32. Rxg5 Ne8 $1 33. Rxh5 exd3 34. cxd3 c4 35. Rh3 Rd5
36. Ke2 Nd6 37. dxc4 Nxc4 38. b3 Nd6 39. Rd3 (39. Be3 b5 $11) 39... Re5+ 40.
Kf3 Nxf5 41. Bf4 Re6 $11) 29. Rxg8 (29. exf5 Rxg3 30. Rxg3 d4 $15 {[%cal Yc7d5]
}) 29... Rxg8 30. Rxg8 Kxg8 31. exf5 d4 $1 (31... Kf7 32. Bf4 Ne8 33. Bb8 (33.
c4 dxc4 34. dxc4 Ke7 35. Ke3 Kd7 $11) 33... Ng7 34. Bc7 Nxf5 35. Bxb6 Nxh4 36.
Bxc5 Nf3+ 37. Ke2 Ne5 38. d4 Nc6 39. c3 Kg6 40. b4 Kf7 41. Kf3 $14) (31... Ne8
32. Bf4 $14 {[%cal Yf4b8,Yb8a7]}) 32. Bf4 Nd5 33. Bd6 (33. Bb8 Ne7 $11) 33...
Kf7 34. c4 dxc3+ (34... Ne7 35. Bc7 Nc8 36. Bd8 Ke8 37. Bxf6 Nd6 38. Be5 Nxf5
39. Bc7 Kd7 (39... Nxh4 40. Bxb6 $18) 40. Bxb6 Kc6 41. Bd8 Kd7 42. Bg5 $16) 35.
bxc3 Ke8 36. c4 Kd7 $1 37. Bxc5 (37. Be5 Ne7 $11) 37... bxc5 38. cxd5 Kd6 39.
Kc2 Kxd5 40. Kc3 $11) 1/2-1/2

[Event "Biel"]
[Site "Biel"]
[Date "1992.??.??"]
[Round "2"]
[White "Miles, Anthony John"]
[Black "Karpov, Anatoly"]
[Result "1/2-1/2"]
[WhiteElo "2595"]
[BlackElo "2715"]
[Annotator "Ernst,T"]
[PlyCount "81"]
[EventDate "1992.07.??"]
[EventType "tourn"]
[EventRounds "14"]
[EventCountry "SUI"]
[EventCategory "16"]
[SourceTitle "CBM 031"]
[Source "ChessBase"]
[SourceDate "1992.12.01"]
[SourceVersion "1"]
[SourceVersionDate "1992.12.01"]
[SourceQuality "1"]

1. e4 e5 2. Nf3 Nc6 3. Bb5 a6 4. Bxc6 dxc6 5. d4 (5. O-O f6 6. d4 exd4 7. Nxd4
c5 8. Nb3 Qxd1 9. Rxd1 Bg4 10. f3 Be6 11. Nc3 Bd6 12. Be3 b6 13. a4 Ne7 14. a5
Bxb3 15. cxb3 b5 $1 $10 {Poutiainen-Petrosjan,A/Erevan/1976/}) 5... exd4 6.
Qxd4 Qxd4 7. Nxd4 Bd7 8. Be3 O-O-O 9. Nd2 (9. Nc3 Re8 10. O-O-O Bb4 11. Nde2 f5
12. exf5 Bxf5 $10 {Smyslov,V-Keres,P/URS-ch/1940/}) 9... Ne7 10. O-O-O f6 $10
11. f3 Ng6 12. h4 h5 13. Nc4 c5 14. Nf5 Be6 15. Rxd8+ Kxd8 16. Nd2 b6 17. b3
Kc8 18. Bf2 Nf4 19. g3 g6 $1 20. Ne7+ Bxe7 21. gxf4 f5 22. Rg1 Rg8 23. Nc4 Bf6
24. a4 Kb7 25. Rg2 Bxc4 26. bxc4 Rg7 27. Kb1 Bc3 28. Ka2 Re7 29. Kb3 Bh8 30. e5
$1 (30. Rxg6 fxe4 31. fxe4 Rxe4 32. f5 Rf4 $17) 30... Re6 31. Rg1 Bg7 32. Rd1
Kc8 33. a5 Bh6 34. Be3 Bf8 35. Ra1 Kb7 36. Rd1 Be7 37. Bf2 Kc8 38. Ra1 Kb7 39.
Rd1 Kc8 40. Ra1 Kb7 41. Rd1 1/2-1/2

[Event "Groningen"]
[Site "Groningen"]
[Date "1992.??.??"]
[Round "1"]
[White "Rozentalis, Eduardas"]
[Black "Piket, Jeroen"]
[Result "0-1"]
[WhiteElo "2590"]
[BlackElo "2625"]
[Annotator "Ernst,T"]
[PlyCount "84"]
[EventDate "1992.12.??"]
[EventType "tourn"]
[EventRounds "9"]
[EventCountry "NED"]
[EventCategory "14"]
[SourceTitle "CBM 034"]
[Source "ChessBase"]
[SourceDate "1993.06.01"]
[SourceVersion "1"]
[SourceVersionDate "1993.06.01"]
[SourceQuality "1"]

1. e4 e5 2. Nf3 Nc6 3. Bb5 a6 4. Bxc6 dxc6 5. O-O Ne7 6. Nxe5 (6. d4 exd4 (6...
Bg4 7. c3 Ng6 8. Be3 Be7 9. Nbd2 $14 {Hecht,H- Nikolac,J, BL 8586}) 7. Nxd4 c5
8. Nb3 (8. Ne2 Qxd1 9. Rxd1 Bd7 10. Nbc3 O-O-O $10 {Kagan,S- Davies,N, Tel
Aviv 1992.}) 8... Qxd1 9. Rxd1 Nc6 (9... Ng6 10. Nc3 Bd7 11. Be3 b6 12. a4 a5
13. Nd2 O-O-O 14. Nc4 $10 {Heim,B- Kebbekus,T, BL 8788.}) 10. Bf4 c4 11. Nd4
Bg4 12. Rd2 Nxd4 13. Rxd4 c5 14. Rxc4 Rd8 $44 {Santo Roman,M- Murey,Y, Royan
1988.}) (6. Na3 Bg4 $1 (6... Ng6 7. Nc4 Be6 (7... f6 8. d4 Bg4 9. dxe5 Qxd1 10.
Rxd1 Nxe5 11. Ncxe5 fxe5 12. Rd3 $14 {Rosentalis,E- Magomedov,M, URS-sf
Daugavpils 1989.}) 8. Ncxe5 Nxe5 9. Nxe5 Qd4 10. Nf3 Qxe4 11. Ng5 Qf5 12. Nxe6
fxe6 13. d3 Bd6 14. Qe2 $14 {Rosentalis,E- Zaitsev,I, Budapest Spring-op 1989.}
) (6... f6 7. Nc4 c5 8. d3 Be6 9. Ne3 Qd7 $10 {Rosentalis,E- Yilmaz,T,
Berliner Sommer 1991.}) 7. h3 Bh5 8. Nc4 f6 9. b3 c5 10. d3 Nc6 $10 {
Pinter-Kuligowski, Groningen 1974.}) 6... Qd4 7. Nf3 (7. Qh5 g6 8. Qg5 (8. Nf3
Qxe4 9. Qa5 Qf4 (9... Bg4 $5 10. Re1 Qd5 11. Qxc7 Bxf3 12. gxf3 Qxf3 13. d3
Qg4+ 14. Qg3 Qxg3+ 15. hxg3 $10 {Brunner,L-Yilmaz,T, Manila (ol) 1992.}) (9...
b6 $5 10. Qc3 Rg8 11. Re1 Qd5 12. Ng5 Bg7 13. Qg3 Qd6 14. Qf3 Bf5 15. d3 h6 16.
Ne4 Qd7 $10 {Gurevich,I- Bronstein,D, Hastings Challenger 1991.}) 10. d3 Qd6
11. Nbd2 Nd5 12. Ne4 Qb4 $10 {Timman,J- Nikolic,Pr, Brussels WCup 1988.}) 8...
Bg7 9. Nd3 f5 10. e5 c5 $1 11. b3 $1 h6 12. Qg3 (12. Qe3 f4 13. Qxd4 cxd4 14.
Bb2 Bf5 15. Nxf4 Bxe5 16. Ne2 O-O-O 17. d3 Rhe8 $1 $44 {Martin Gonzales,A-
Medina Garcia,A, Olot 1973, 15/255.}) 12... f4 13. Qf3 Bf5 14. Qxb7 (14. Bb2
Qd5 15. Nxf4 Qxf3 16. gxf3 O-O 17. d3 Nc6 $44 {Vladimirov-Ivanov, UdSSR 1975.})
14... Be4 15. Qxc7 Bxd3 16. cxd3 Bxe5 17. Qb7 Rb8 18. Qxa6 f3 $5 (18... Qxa1 $6
19. Qa4+ Kf8 20. Nc3 Bxc3 21. dxc3 Qxc3 22. Qxf4+ Kg7 $19) (18... Qxa1 $6 19.
Nc3 Bxc3 20. dxc3 Qxc3 21. Bxf4 Rb4 22. Bd6 Qf6 23. Re1 O-O $1 $19) (18... Qxa1
$6 19. Re1 O-O 20. Qe6+ Rf7 21. Qxe5 Qxe5 22. Rxe5 Nc6 23. Rxc5 Nb4 $17) (18...
Qxa1 $6 19. Qe6 $1 Rd8 (19... Rf8 20. Re1 Rf5 {Fritz} 21. Na3 $1 Rd8 22. Nc4
Rd5 23. Kf1 $44) (19... Qxb1 $6 20. Qxe5 Kd7 21. Qxc5 $1 Rhc8 22. Qd4+ Ke8 23.
Ba3 Qxa2 24. Bd6 Qxb3 25. Re1 Rb7 $2 (25... Qe6 26. Kf1 $16) 26. Qh8+ Kd7 27.
Rxe7+ Kxd6 28. Qe5+ Kc6 29. Re6+ Kd7 30. Qd6# $18) 20. Re1 Qxb1 21. Qxe5 Rh7
22. Ba3 (22. Qe6 Rf7 23. Ba3 Qxd3 24. Bxc5 Rd7 $17) 22... Qxd3 23. Bxc5 Rd7 24.
Qb8+ Kf7 25. Qxf4+ Qf5 $6 (25... Nf5 $1 26. g4 Qxd2 27. Qxd2 Rxd2 28. gxf5 Rxa2
29. fxg6+ Kxg6 $10) 26. Qc4+ Nd5 27. Bd4 g5 28. f3 h5 29. Re5 Qb1+ 30. Kf2 Qxa2
31. Qd3 $44) 19. Nc3 fxg2 20. Re1 O-O 21. Qe6+ (21. Qc4+ Rf7 22. Qxd4 Bxd4 23.
Re2 Rbf8 $1 $44) (21. Re2 Bxh2+ 22. Kxh2 Qh4+ 23. Kxg2 Qg4+ 24. Kf1 Qh3+ 25.
Kg1 Nf5 26. Qe6+ Rf7 27. Bb2 Qg4+ $10) 21... Rf7 22. Nd1 (22. Re2 $1 Bxh2+ (
22... Bc7 23. Qe4 Qd6 24. Qxg2 Nf5 $14) 23. Kxh2 Qh4+ 24. Kxg2 Nf5 25. Re4 $1
Qg5+ 26. Kh1 Qh5+ $10) 22... Qxa1 23. Qxe5 Qxe5 24. Rxe5 Nc6 25. Rxc5 Nb4 26.
Ba3 $2 (26. Bb2 $10) 26... Nxd3 27. Rc6 Ra8 28. Rd6 Rxa3 29. Rxd3 Rxa2 30. Ne3
Kg7 31. Kxg2 Ra5 32. Rd4 Rb5 33. b4 Rbb7 34. Rc4 Rfc7 35. Rg4 $2 (35. Rxc7+
Rxc7 36. Kf3 $17) 35... Rd7 36. h4 h5 37. Rg5 Rxb4 38. d4 Rf7 $1 39. Rd5 Rb2 {
0-1, Timman-Short (m9), El Escorial 1993.}) 7... Qxe4 8. Nc3 (8. Re1 Qg6 9. Ne5
Qf6 10. d4 Bf5 11. Nc3 O-O-O 12. Qh5 Bg6 $10 {Ree,H- Keres,P, Amsterdam 1971,
12/264.}) 8... Qg6 9. Ne5 Qf5 10. Re1 h5 11. d4 Be6 12. Ne4 O-O-O 13. Ng5 Ng6
14. Nxg6 Qxg6 15. Nxe6 fxe6 $10 16. c3 c5 17. Qb3 (17. Bf4 Bd6 $10) 17... Rd5
18. Be3 h4 $1 19. h3 cxd4 20. Bxd4 Bd6 21. Rad1 $2 (21. Re2 Re8 22. Rae1 Re7
$10) 21... Rd8 $1 22. a4 Bf4 23. Qc4 Qc2 $1 24. b3 g5 25. Ra1 Qf5 26. b4 $6 (
26. f3 R8d6 $17) 26... g4 27. hxg4 Qxg4 28. Qe2 Qxe2 29. Rxe2 e5 30. Be3 Rd1+
31. Re1 Rxa1 32. Rxa1 Bxe3 33. fxe3 Rd3 $19 34. Rc1 Rxe3 35. Kf2 Re4 36. Rd1
Rf4+ 37. Ke3 Rc4 38. Kd3 Rg4 39. Rd2 Kd7 40. Rf2 Ke6 41. a5 Kd5 42. Rd2 Rg3+
0-1